Lógica. Extracto razonado del tratado de las sensaciones
Kaydedildi:
| Yazar: | |
|---|---|
| Materyal Türü: | Kitap |
| Dil: | Undetermined |
| Baskı/Yayın Bilgisi: |
Barcelona, España
Ediciones Orbis
1984
|
| Konular: | |
| Etiketler: |
Etiketle
Etiket eklenmemiş, İlk siz ekleyin!
|
MARC
| LEADER | 00000nam a2200000Ia 4500 | ||
|---|---|---|---|
| 008 | 170316s9999 xx 000 0 und d | ||
| 090 | |a 100 C-35.1L | ||
| 100 | |a Condillac, Étienne Bonnot De | ||
| 245 | |a Lógica. Extracto razonado del tratado de las sensaciones | ||
| 260 | |a Barcelona, España | ||
| 260 | |b Ediciones Orbis | ||
| 260 | |c 1984 | ||
| 300 | |a 136 páginas | ||
| 650 | |a FILOSOFÍA | ||
| 650 | |a LÓGICA | ||
| 650 | |a TRATADO DE LAS SENSACIÓNES | ||
| 999 | |c 15914 |d 15914 | ||
| 040 | |a cru BVZT | ||
| 942 | |c 15 D |h 100 C-35.1L |2 z | ||
